000 00296nam a2200121Ia 4500
008 191201s2014 xx 000 0 und d
100 _aAGGARWAL, K K
245 0 _aSoftware Engineering
250 _aRep
260 _c2014
_bNew Age International
_aNEW DELHI
300 _a507
942 _2ddc
_cBK
_053
999 _c7908
_d7908